Exposition de la Morale Catholique

Shranjeno v:
Bibliografske podrobnosti
Glavni avtor: Janvier, E (Author)
Format: Knjiga
Jezik:francoščina
Izdano: París P. Lethielleux 1909
Izdaja:1a. ed
Serija:Conferences de N. D. de Paris
Teme:
Oznake: Označite
Brez oznak, prvi označite!

MARC

LEADER 00000cam a2200000 a 4500
001 UCD3296
003 CL-VaPUC
008 160603e19090000fr |||||||||||||||||fre|d
082 0 4 |a 241  |b JAN  |2 21 
100 0 |a Janvier, E  |e author  |9 586704 
245 1 0 |a Exposition de la Morale Catholique 
250 |a 1a. ed 
300 |a t 
942 |c BK 
945 |d 20160603 11:42:00  |a dcastane 
260 |a París  |b P. Lethielleux  |c 1909 
500 |a v.7: le Loi 
500 |a v.8: la Grace 
500 |a v.1: morale speciale .La foi 
500 |a v.1: le fondament de la morale. La beatitude 
500 |a v.2: morale speciale .La foi 
500 |a v.2: La liberte 
500 |a v.3: morale speciale .L'Esperance 
500 |a v.3: les passions 
500 |a v.5: morale speciale. La Charite 
500 |a v.5: le vice et le peche 
500 |a v.6: morale speciale. La Charite 
500 |a v.7: morale speciale. La Prudence Chretienne 
500 |a v.8: morale speciale. La Justice et le Droit 
500 |a v.9: morale speciale. La justice envers Dieu 
650 0 |a Moral cristiana  |9 464237 
650 0 |a Justicia   |9 255408 
583 |a last modification  |c 20160603 11:42:00  |k Rodrigo Vera 
490 0 |a Conferences de N. D. de Paris 
999 |c 364332  |d 364330 
952 |0 0  |1 0  |3 erd  |4 0  |6 241_000000000000000_JAN_1909  |7 0  |8 X  |9 477377  |a BIBTEO  |b BIBTEO  |c TEO_FFR  |h v.7  |i 5233208  |o 241 JAN 1909  |p 5233208  |r 2024-01-18  |w 2019-11-24  |y BK_X  |z Catalogado en:20160603  |k OFM 
952 |0 0  |1 0  |3 erd  |4 0  |6 241_000000000000000_JAN_1909  |7 0  |8 X  |9 477378  |a BIBTEO  |b BIBTEO  |c TEO_FFR  |h v.8  |i 5233216  |o 241 JAN 1909  |p 5233216  |r 2024-01-18  |w 2019-11-24  |y BK_X  |z Catalogado en:20160603  |k OFM 
952 |0 0  |1 0  |3 erd  |4 0  |6 241_000000000000000_JAN_1909  |7 0  |8 X  |9 477379  |a BIBTEO  |b BIBTEO  |c TEO_FFR  |h v.1  |i 5233224  |o 241 JAN 1909  |p 5233224  |r 2024-01-18  |w 2019-11-24  |y BK_X  |z Catalogado en:20160603  |k OFM 
952 |0 0  |1 0  |3 erd  |4 0  |6 241_000000000000000_JAN_1909  |7 0  |8 X  |9 477380  |a BIBTEO  |b BIBTEO  |c TEO_FFR  |h v.2  |i 5233232  |o 241 JAN 1909  |p 5233232  |r 2024-01-18  |w 2019-11-24  |y BK_X  |z Catalogado en:20160603  |k OFM 
952 |0 0  |1 0  |3 erd  |4 0  |6 241_000000000000000_JAN_1909  |7 0  |8 X  |9 477381  |a BIBTEO  |b BIBTEO  |c TEO_FFR  |h v.3  |i 5233240  |o 241 JAN 1909  |p 5233240  |r 2024-01-18  |w 2019-11-24  |y BK_X  |z Catalogado en:20160603  |k OFM 
952 |0 0  |1 0  |3 erd  |4 0  |6 241_000000000000000_JAN_1909  |7 0  |8 X  |9 477382  |a BIBTEO  |b BIBTEO  |c TEO_FFR  |h v.5  |i 5233259  |o 241 JAN 1909  |p 5233259  |r 2024-01-18  |w 2019-11-24  |y BK_X  |z Catalogado en:20160603  |k OFM 
952 |0 0  |1 0  |3 erd  |4 0  |6 241_000000000000000_JAN_1909  |7 0  |8 X  |9 477383  |a BIBTEO  |b BIBTEO  |c TEO_FFR  |h v.6  |i 5233267  |o 241 JAN 1909  |p 5233267  |r 2024-01-18  |w 2019-11-24  |y BK_X  |z Catalogado en:20160603  |k OFM 
952 |0 0  |1 0  |3 erd  |4 0  |6 241_000000000000000_JAN_1909  |7 0  |8 X  |9 477384  |a BIBTEO  |b BIBTEO  |c TEO_FFR  |h v.7  |i 5233275  |o 241 JAN 1909  |p 5233275  |r 2024-01-18  |w 2019-11-24  |y BK_X  |z Catalogado en:20160603  |k OFM 
952 |0 0  |1 0  |3 erd  |4 0  |6 241_000000000000000_JAN_1909  |7 0  |8 X  |9 477385  |a BIBTEO  |b BIBTEO  |c TEO_FFR  |h v.8  |i 5233283  |o 241 JAN 1909  |p 5233283  |r 2024-01-18  |w 2019-11-24  |y BK_X  |z Catalogado en:20160603  |k OFM 
952 |0 0  |1 0  |3 erd  |4 0  |6 241_000000000000000_JAN_1909  |7 0  |8 X  |9 477386  |a BIBTEO  |b BIBTEO  |c TEO_FFR  |h v.9  |i 5233291  |o 241 JAN 1909  |p 5233291  |r 2024-01-18  |w 2019-11-24  |y BK_X  |z Catalogado en:20160603  |k OFM 
952 |0 0  |1 0  |3 erd  |4 0  |6 241_000000000000000_JAN_1909  |7 0  |8 X  |9 477387  |a BIBTEO  |b BIBTEO  |c TEO_FFR  |h v.1  |i 5233739  |o 241 JAN 1909  |p 5233739  |r 2024-01-18  |w 2019-11-24  |y BK_X  |z Catalogado en:20160603  |k OFM 
952 |0 0  |1 0  |3 erd  |4 0  |6 241_000000000000000_JAN_1909  |7 0  |8 X  |9 477388  |a BIBTEO  |b BIBTEO  |c TEO_FFR  |h v.2  |i 5233747  |o 241 JAN 1909  |p 5233747  |r 2024-01-18  |w 2019-11-24  |y BK_X  |z Catalogado en:20160603  |k OFM 
952 |0 0  |1 0  |3 erd  |4 0  |6 241_000000000000000_JAN_1909  |7 0  |8 X  |9 477389  |a BIBTEO  |b BIBTEO  |c TEO_FFR  |h v.3  |i 5233755  |o 241 JAN 1909  |p 5233755  |r 2024-01-18  |w 2019-11-24  |y BK_X  |z Catalogado en:20160603  |k OFM 
952 |0 0  |1 0  |3 erd  |4 0  |6 241_000000000000000_JAN_1909  |7 0  |8 X  |9 477390  |a BIBTEO  |b BIBTEO  |c TEO_FFR  |h v.5  |i 5233763  |o 241 JAN 1909  |p 5233763  |r 2024-01-18  |w 2019-11-24  |y BK_X  |z Catalogado en:20160603  |k OFM